Place of technology management as a key process area within UK construction process improvement (Record no. 107036)

MARC details
000 -LEADER
fixed length control field 01113cam a22002295a 4500
001 - CONTROL NUMBER
control field L138168
008 - FIXED-LENGTH DATA ELEMENTS--GENERAL INFORMATION
fixed length control field 070521e2005 xxk f 100 0 eng d
035 ## - SYSTEM CONTROL NUMBER
System control number (Sirsi) u138168
041 0# - LANGUAGE CODE
Language code of text/sound track or separate title eng
100 1# - MAIN ENTRY--PERSONAL NAME
Personal name Keraminiyage, Kaushal
245 00 - TITLE STATEMENT
Title Place of technology management as a key process area within UK construction process improvement
Remainder of title a critical analysis
Medium [electronic resource]
260 ## - PUBLICATION, DISTRIBUTION, ETC.
Date of publication, distribution, etc. 2005
490 #0 - SERIES STATEMENT
Series statement COBRA
Volume/sequential designation 2005
520 ## - SUMMARY, ETC.
Summary, etc. Discusses how IT for construction process improvement has failed to convince stakeholders in the construction industry, and the ways in which IT is an enabler of improvement. Reports that technology change management is a key process area.
651 #4 - SUBJECT ADDED ENTRY--GEOGRAPHIC NAME
Geographic name International
690 ## - LOCAL SUBJECT ADDED ENTRY--TOPICAL TERM (OCLC, RLIN)
Topical term or geographic name as entry element MANAGEMENT-BUSINESS MANAGEMENT-INFORMATION MANAGEMENT
700 1# - ADDED ENTRY--PERSONAL NAME
Personal name Amaratunga, Dilanthi
700 1# - ADDED ENTRY--PERSONAL NAME
Personal name Haigh, Richard
711 2# - ADDED ENTRY--MEETING NAME
Meeting name or jurisdiction name as entry element Construction and Building Research Conference
Location of meeting University of Queensland, Brisbane
Date of meeting or treaty signing 4-5 July 2005
856 40 - ELECTRONIC LOCATION AND ACCESS
Uniform Resource Identifier <a href="https://www.rics.org/site/scripts/download_info.aspx?downloadID=2552">https://www.rics.org/site/scripts/download_info.aspx?downloadID=2552</a>
Public note View the item free of charge at www.rics.org..
942 ## - ADDED ENTRY ELEMENTS (KOHA)
Suppress in OPAC 0
Holdings
Withdrawn status Lost status Source of classification or shelving scheme Damaged status Not for loan Home library Current library Shelving location Date acquired Total Checkouts Full call number Barcode Date last seen Copy number Price effective from Koha item type
    Dewey Decimal Classification     Virtual Virtual Online 21/05/2007   ONLINE PUBLICATION 138168-2001 06/08/2019 1 06/08/2019 Book